00589cam a2200217 a 45000010009000000050017000090080041000260100017000670200015000840200018000990350023001170400042001400410008001820420014001900800015002040820019002191000007002381010008002452450054002535040064003071480445920180104080644.0070411s2007 nyuaf b 001 0 eng d a 2007273393 a0071489975 a9780071489973 a(OCoLC)ocm85370929 aJBLcJBLdJBLdBAKERdBLCdYDXCPdDLC aeng alccopycat a338.91 SMI04a338.91 SMI2221 a58 aBIZ12aA billion bootstraps :cPhil Smith, Eric Thurman. aIncludes bibliographical references (p. 207-213) and index.